Name a Valid UK City - Statistics

General Stats
  • This quiz has been taken 35 times
  • The average score is 13 of 15
Answer Stats
Statement City % Correct
In Scotland but outside of the Central Belt Aberdeen | Inverness
94%
Beginning with a vowel Aberdeen | Armagh | Edinburgh | Ely | Exeter | Inverness | Oxford
91%
Considered a 'time immemorial' city Bangor | Canterbury | Durham | Exeter | Hereford | Lichfield | London | Wells | Winchester | Worcester | York
91%
With four or fewer letters in its name Bath | Ely | York
91%
In Cambridgeshire Cambridge | Ely | Peterborough
91%
With a population below 20,000 Armagh | Bangor | City of London | Ripon | St Asaph | St Davids | Wells
88%
That gained official city status in 2022 Bangor | Colchester | Doncaster | Dunfermline | Milton Keynes | Southend-on-Sea | Wrexham
88%
One of the five last cities alphabetically Winchester | Wolverhampton | Worcester | Wrexham | York
88%
In West Yorkshire Bradford | Leeds | Wakefield
82%
With multiple words in its name Brighton and Hove | Kingston upon Hull | Milton Keynes | Newcastle upon Tyne | Southend-on-Sea | St Albans | St Asaph | St Davids | Stoke-on-Trent
82%
With an X in its name Exeter | Oxford | Wrexham
82%
East of the Prime Meridian Cambridge | Canterbury | Chelmsford | Colchester | Ely | Southend-on-Sea | Norwich
79%
Found in both Wales and Northern Ireland Bangor
73%
In North East England, but not Tyne and Wear Durham
70%
In Wales but not coastal St Asaph | Wrexham
67%
No matching quizzes found
Score Distribution
Percent of People with Each Score
Percentile by Number Answered
Your Score History
You have not taken this quiz